VIH-SIDA et nutrition: un examen de la littérature et des recommandations pour les soins et le soutien nutritionnel en Afrique subsaharienne
में बचाया:
| मुख्य लेखकों: | , |
|---|---|
| स्वरूप: | पुस्तक |
| भाषा: | फ़्रेंच |
| प्रकाशित: |
Washington, D.C
USAID
2001
Washington, D.C AED 2001 |
| विषय: | |
| टैग: |
टैग जोड़ें
कोई टैग नहीं, इस रिकॉर्ड को टैग करने वाले पहले व्यक्ति बनें!
|
MARC
| LEADER | 00000nam a2200000 a 4500 | ||
|---|---|---|---|
| 001 | UCG6332 | ||
| 003 | CL-VaPUC | ||
| 008 | 110414e20010700us |||||||||||||||||fre|d | ||
| 082 | 0 | 4 | |a 616.9792 |b PIW |2 21 |
| 100 | 0 | |a Piwoz, Ellen G |e author |9 556454 | |
| 700 | 0 | |a Preble, Elizabeth A |e author |9 556455 | |
| 245 | 1 | 0 | |a VIH-SIDA et nutrition: un examen de la littérature et des recommandations pour les soins et le soutien nutritionnel en Afrique subsaharienne |
| 300 | |a 67 p | ||
| 942 | |c BK | ||
| 945 | |d 20110414 00:00:00 |a jcampos | ||
| 260 | |a Washington, D.C |b USAID |c 2001 | ||
| 260 | |a Washington, D.C |b AED |c 2001 | ||
| 650 | 0 | |a SIDA (Síndrome de Inmunodeficiencia Adquirida) |9 256118 | |
| 650 | 0 | |a Enfermedades contagiosas |9 392544 | |
| 650 | 0 | |a Alimentación y cuidado |9 556456 | |
| 651 | 0 | |a África |9 256790 | |
| 583 | |a last modification |c 20171221 11:27:23 |k Rodrigo Vera | ||
| 999 | |c 344591 |d 344589 | ||
| 952 | |0 0 |1 0 |4 0 |6 616_979200000000000_PIW_2001_2001 |7 0 |8 A |9 442643 |a BIBGIM |b BIBGIM |d 2019-11-22 |i 4767705 |o 616.9792 PIW 2001 2001 |p 4767705 |r 2025-01-15 |w 2019-11-22 |y BK |k SSL | ||